000 00494nam a22001697a 4500
003 OSt
005 20260427054727.0
008 260427b |||||||| |||| 00| 0 eng d
020 _a978-971-791-869-3
040 _aDWCL Main Lib.
_cOC
082 _aFil. 510 M426 2012
245 _aMath engaged learning 7 :
_bk to 12 /
260 _aQuezon City, Philippines :
_bSibs,
_cc2012.
300 _avii, 430 pages :
_billustrations ;
_c26 cm.
504 _aIncludes index.
942 _2ddc
_cBK - FIL
_n0
999 _c9928
_d9928